[Event "Dieren op"]
[Site "Dieren"]
[Date "2007.08.01"]
[Round "8"]
[White "Haast, Mark"]
[Black "Spaan, Nathanael"]
[Result "1-0"]
[WhiteElo "2028"]
[BlackElo "2178"]
[PlyCount "79"]
[EventDate "2007.07.24"]
[EventType "swiss"]
[EventRounds "9"]
[EventCountry "NED"]
[SourceTitle "CBM 119 Extra"]
[Source "ChessBase"]
[SourceDate "2007.09.04"]
[SourceVersion "1"]
[SourceVersionDate "2007.09.04"]
[SourceQuality "1"]

1. e4 c5 2. Nf3 d6 3. d4 cxd4 4. Nxd4 Nf6 5. Nc3 a6 6. Be3 e5 7. Nf3 h6 8. Bc4 Be7 9. 0-0 0-0 10. h3 Be6 11. Bb3 Nbd7 12. Qe2 Qc7 13. Rad1 Rac8 14. Nh4 Bxb3 15. axb3 Rfe8 16. Nf5 Bf8 17. Qf3 Kh7 18. g4 d5 19. Nxd5 Nxd5 20. Rxd5 Nf6 21. Rd2 Qc6 22. Ng3 Kg8 23. Rfd1 Re6 24. h4 g6 25. g5 hxg5 26. hxg5 Ne8 27. Kg2 Rd6 28. Rxd6 Nxd6 29. c3 Bg7 30. Qg4 Re8 31. f3 a5 32. Bf2 b5 33. Nf1 a4 34. Ne3 axb3 35. Nd5 Nc4 36. Qh4 Kf8 37. Nf6 Nxb2 38. Qh7 Nxd1 39. Bc5+ Qxc5 40. Qg8+ 1-0

[Event "Dieren op"]
[Site "Dieren"]
[Date "2007.07.30"]
[Round "6"]
[White "Schilt, Kees Jan"]
[Black "Spaan, Nathanael"]
[Result "0-1"]
[WhiteElo "2108"]
[BlackElo "2178"]
[PlyCount "96"]
[EventDate "2007.07.24"]
[EventType "swiss"]
[EventRounds "9"]
[EventCountry "NED"]
[SourceTitle "CBM 119 Extra"]
[Source "ChessBase"]
[SourceDate "2007.09.04"]
[SourceVersion "1"]
[SourceVersionDate "2007.09.04"]
[SourceQuality "1"]

1. e4 c5 2. Nf3 d6 3. d4 cxd4 4. Nxd4 Nf6 5. Nc3 a6 6. Bg5 e6 7. f4 Qc7 8. Bxf6 gxf6 9. Qd2 Nc6 10. 0-0-0 Bd7 11. Be2 h5 12. Rhe1 0-0-0 13. Kb1 h4 14. Bf3 Qb6 15. Nb3 Kb8 16. a4 Na5 17. Nxa5 Qxa5 18. Qd4 Be7 19. b4 Qc7 20. Re3 Rc8 21. Rd2 Qc4 22. Be2 Qxd4 23. Rxd4 Rc7 24. Rc4 Rxc4 25. Bxc4 Rc8 26. Be2 d5 27. exd5 Bxb4 28. dxe6 fxe6 29. Na2 Bc5 30. Re4 f5 31. Rc4 Bg1 32. h3 Rxc4 33. Bxc4 Be3 34. Nc1 Bxf4 35. Nd3 Bd6 36. Ne1 Bg3 37. Nf3 e5 38. a5 e4 39. Nd4 Be1 40. Nb3 Kc7 41. Kc1 Kd6 42. Kd1 Bc3 43. Ke2 f4 44. Bf7 Bb5+ 45. Kd1 Bc6 46. Bh5 Ke5 47. Bg4 f3 48. gxf3 exf3 0-1

[Event "Dieren op"]
[Site "Dieren"]
[Date "2007.07.26"]
[Round "3"]
[White "Spaan, Nathanael"]
[Black "Ten Hertog, Hugo"]
[Result "1/2-1/2"]
[WhiteElo "2178"]
[BlackElo "2084"]
[PlyCount "94"]
[EventDate "2007.07.24"]
[EventType "swiss"]
[EventRounds "9"]
[EventCountry "NED"]
[SourceTitle "CBM 119 Extra"]
[Source "ChessBase"]
[SourceDate "2007.09.04"]
[SourceVersion "1"]
[SourceVersionDate "2007.09.04"]
[SourceQuality "1"]

1. e4 c5 2. Nf3 e6 3. d4 cxd4 4. Nxd4 a6 5. Bd3 Nc6 6. Nxc6 dxc6 7. 0-0 e5 8. f4 exf4 9. Bxf4 Be6 10. Kh1 Bc5 11. Nd2 Ne7 12. Qh5 Bd4 13. Nf3 Ng6 14. Bd2 Bf6 15. e5 Be7 16. Rae1 Qd7 17. Ng5 Bxg5 18. Qxg5 Qe7 19. Qg3 0-0 20. Bg5 Qc7 21. h4 h5 22. Bd2 Bg4 23. Bb4 c5 24. Bc3 Rac8 25. b3 Qe7 26. Bxg6 fxg6 27. Kg1 Qe6 28. Qe3 b6 29. a4 Qe7 30. Qg5 Qxg5 31. hxg5 Rxf1+ 32. Rxf1 Rd8 33. Rf2 Rd7 34. b4 c4 35. a5 b5 36. Rd2 Rxd2 37. Bxd2 Kf7 38. Kf2 Ke6 39. Bf4 Kd5 40. Ke3 Bf5 41. c3 Be6 42. Bh2 Bf5 43. Kf4 Be6 44. Bg1 Bf5 45. Bc5 Be6 46. Bf2 Bf5 47. Bc5 Be6 1/2-1/2

[Event "Dieren op"]
[Site "Dieren"]
[Date "2006.07.28"]
[Round "4"]
[White "Slingerland, Caroline"]
[Black "Spaan, Nathanael"]
[Result "1/2-1/2"]
[WhiteElo "2070"]
[BlackElo "2185"]
[PlyCount "27"]
[EventDate "2006.07.25"]
[EventType "swiss"]
[EventRounds "9"]
[EventCountry "NED"]
[SourceTitle "CBM 113 Extra"]
[Source "ChessBase"]
[SourceDate "2006.09.14"]
[SourceVersion "1"]
[SourceVersionDate "2006.09.14"]
[SourceQuality "1"]

1. e4 c5 2. Nf3 d6 3. d4 cxd4 4. Nxd4 Nf6 5. Nc3 a6 6. f4 e5 7. Nf3 Qc7 8. Bd3 Be7 9. 0-0 Be6 10. Kh1 Nbd7 11. Qe1 Rc8 12. fxe5 dxe5 13. Nh4 Qc6 14. Nf5 1/2-1/2